| 000 | 00456cam a22001217a 4500 | ||
|---|---|---|---|
| 008 | 180718b1967 xxu||||| |||| 00| 0 eng d | ||
| 082 | _aI5513 Un3/11 | ||
| 245 |
_aSample surveys of current interest _cby Department of Economic and Social Affairs, United Nations |
||
| 260 |
_aNew York _bUnited Nations publications _c1967 |
||
| 300 | _a374+p | ||
| 440 | _aStatistical papers series no. 12 | ||
| 700 | _aUnited Nations. Department of Economic and Social Affairs | ||
| 999 |
_c491567 _d491567 |
||